| 000 | 00937nam a2200241Ia 4500 | ||
|---|---|---|---|
| 003 | OSt | ||
| 005 | 20221002044220.0 | ||
| 006 | a|||||r|||| 00| 0 | ||
| 007 | ta | ||
| 008 | 220930b |||||||| |||| 00| 0 hin d | ||
| 020 |
_a8177143123 (hbk) _c4800 |
||
| 024 | _a99701 | ||
| 037 |
_b421, 25/03/2010, Swaraj Prakashan _cReference Collections |
||
| 040 |
_aCRL _cCRL _bhin |
||
| 041 |
_2hin _ahin |
||
| 082 | _aO152,2M50x, P8.1-.6(RR) | ||
| 100 | _aओमप्रकाश सिंह, संपा. | ||
| 245 | 0 | _aभारतेन्दु हरिशचन्द्र ग्रन्थावली | |
| 260 |
_aनयी _bदिल्ली प्रकाशन संस्थान _c2008 |
||
| 490 | _vभाग 1 | ||
| 942 |
_hO152,2M50x, P8.1-.6(RR) _cref _2CC |
||
| 999 |
_c909901 _d909901 |
||